000 00270nam a2200109Ia 4500
008 190216s9999||||xx |||||||||||||| ||und||
100 _aClare Macwell
245 4 _aThe Complete Book Of Message
260 _bHindustan Publishing Co
650 _aReferences
942 _cREF
999 _c35989
_d35989